15 Największych miast Górnego Śląska na mapie - Statystyki

Ogólne statystyki
  • Ten quiz został rozwiązany 50 razy
  • Średni wynik to 11 z 15
Odpowiedzi na mapie
Odpowiedzi zakodowano w zielono-czerwonej skali na mapie do tego quizu, zgodnie z poniższymi procentami.
 
Statystyki odpowiedzi
Populacja Miasto % Poprawnych
280k Katowice
98%
100k Chorzów
93%
150k Bytom
90%
170k Gliwice
90%
155k Zabrze
88%
130k Rybnik
83%
125k Opole
78%
165k Bielsko-Biała
75%
120k Tychy
75%
70k Mysłowice
73%
130k Ruda Śląska
73%
80k Jastrzębie-Zdrój
70%
280k Ostrawa
65%
60k Siemianowice Śląskie
48%
70k Hawierzów
23%
Nie znaleziono quizów pasujących do podanych kryteriów
Rozkład punktacji
Procent ludzi z każdym wynikiem
Percentyl według liczby udzielonych odpowiedzi
Twoja historia wyników
Nie rozwiązałeś tego quizu